000 00831cab a2200205 4500
001 ABS60680
008 090401t1999 xxu||||| |||| 00| 0 eng d
035 _a(Sirsi) u93767
041 _aeng
100 _aMcCafferty, A.
245 _aWill the EU`s regional plans undermine the UK`s?
260 _c1999
350 _a0
490 _aCSM
_bChartered Surveyor Monthly
_v8(9) May 1999, 30(1)
520 _aDiscusses the aims of the anticipated European Spatial Development Perspective which is due to be published by the European Commission soon, as an advisory document encouraging good practice. Considers the issues which must be resolved before the document can become more prescriptive.
650 _aEUROPEAN SPATIAL DEVELOPMENT PERSPECTIVE
690 _aPLANNING LAW AND PRACTICE
942 _n0
948 _c03/06/1999
999 _c59435
_d59435